আধুনিক যন্ত্রপাতির ইসলামী আহকাম / (Record no. 6289)
[ view plain ]
| 000 -LEADER | |
|---|---|
| fixed length control field | 01005nam a22002057a 4500 |
| 003 - CONTROL NUMBER IDENTIFIER | |
| JCCL marc code | BD-JhCC |
| 005 - DATE AND TIME OF LATEST TRANSACTION | |
| control field | 20180120171720.0 |
| 008 - FIXED-LENGTH DATA ELEMENTS--GENERAL INFORMATION | |
| fixed length control field | 180120s1986 bg |||| |||| 00| 0 ben d |
| 035 ## - SYSTEM CONTROL NUMBER | |
| system control number | (BD-JhCC) |
| 040 ## - CATALOGING SOURCE | |
| Original cataloging agency | BD-JhCC |
| Modifying agency | BD-JhCC |
| 041 ## - LANGUAGE CODE | |
| Language code of Book | ben |
| 082 ## - DEWEY DECIMAL CLASSIFICATION NUMBER | |
| Classification number | 297.14 |
| Author mark and Year | SHA 1986 |
| 100 ## - MAIN ENTRY--PERSONAL NAME | |
| Personal name | শফী, হযরত মাওলানা মুফতী মুহাম্মদ |
| 245 ## - TITLE STATEMENT | |
| Title | আধুনিক যন্ত্রপাতির ইসলামী আহকাম / |
| Statement of responsibility, etc | হযরত মাওলানা মুফতী মুহাম্মদ শফী অনুবাদ মাওলানা মুহাম্মদ শামসুল হক |
| 260 ## - PUBLICATION, DISTRIBUTION, ETC. (IMPRINT) | |
| Place of publication, distribution, etc | ঢাকা : |
| Name of publisher, distributor, etc | ইসলামিক ফাউন্ডেশন বাংলাদেশ, |
| Date of publication, distribution, etc | ১৯৮৬. |
| 300 ## - PHYSICAL DESCRIPTION | |
| Pagination | ১৬৪ পৃ. : |
| Dimensions | ২১ সেমি. |
| 650 ## - SUBJECT ADDED ENTRY--TOPICAL TERM | |
| Topical term or geographic name as entry element | Islamic Moderniosm |
| 700 ## - ADDED ENTRY--PERSONAL NAME | |
| Personal name | অনুবাদ মাওলানা মুহাম্মদ শামসুল হক |
| 942 ## - ADDED ENTRY ELEMENTS (KOHA) | |
| Source of classification or shelving scheme | Dewey Decimal Classification |
| Koha item type | Books |
| Source of classification or shelving scheme | Damaged status | Not for loan | Home library | Current library | Shelving location | Date of accession | Cost, normal purchase price | Total Checkouts | Full call number | Barcode | Date last seen | Copy number | Koha item type |
|---|---|---|---|---|---|---|---|---|---|---|---|---|---|
| Dewey Decimal Classification | JCC Rouf Library | JCC Rouf Library | General Stacks | 01/20/2018 | 30.00 | 297.14 SHA 1986 | 504 | 01/20/2018 | C-1 | Books |